Physical activity towards health & fitness (PATH-FIT 2) : rhythmic dance and social activities : college textbook / Dr. Michelle D. Punzalan, Dr. Antonio Jardin Habana, Jr. (Record no. 21366)

000 -LEADER
fixed length control field 00840nam a22002417a 4500
020 ## - INTERNATIONAL STANDARD BOOK NUMBER
ISBN 9786214062669
082 ## - DEWEY DECIMAL CLASSIFICATION NUMBER
Classification number 793.3
Item number P9847 2023
100 ## - MAIN ENTRY--AUTHOR NAME
Personal name Punzalan, Michelle D., author.
245 ## - TITLE STATEMENT
Title Physical activity towards health & fitness (PATH-FIT 2) : rhythmic dance and social activities : college textbook / Dr. Michelle D. Punzalan, Dr. Antonio Jardin Habana, Jr.
260 ## - PUBLICATION, DISTRIBUTION, ETC. (IMPRINT)
Place of publication Manila :
Name of publisher Mindshapers Co., Inc.,
Year of publication ©2023.
300 ## - PHYSICAL DESCRIPTION
Number of Pages ix, 149 pages :
Other physical details illustrations ; 23 cm
500 ## - GENERAL NOTE
General note Includes bibliographical references.
650 ## - SUBJECT ADDED ENTRY--TOPICAL TERM
Topical Term Dance.
650 ## - SUBJECT ADDED ENTRY--TOPICAL TERM
Topical Term Dance -- Study and teaching.
650 ## - SUBJECT ADDED ENTRY--TOPICAL TERM
Topical Term Follk dancing.
650 ## - SUBJECT ADDED ENTRY--TOPICAL TERM
Topical Term Social dancing.
650 ## - SUBJECT ADDED ENTRY--TOPICAL TERM
Topical Term Modern dance.
650 ## - SUBJECT ADDED ENTRY--TOPICAL TERM
Topical Term Ballroom dancing.
650 ## - SUBJECT ADDED ENTRY--TOPICAL TERM
Topical Term Hip-hop dance.
650 ## - SUBJECT ADDED ENTRY--TOPICAL TERM
Topical Term Cheerleading.
700 ## - ADDED ENTRY--PERSONAL NAME
Personal name Habana, Antonio Jardin, Jr.
942 ## - ADDED ENTRY ELEMENTS (KOHA)
Koha item type Books
Holdings
Source of acquisition Permanent Location Date acquired Koha item type Collection code Accession Number Lost status Shelving location Withdrawn status Current Location Full call number
SchoolCagayan State University - Carig Library2025-09-11BooksArts & Recreation011219 General Collection Cagayan State University - Carig Library793.3 P9847 2023
SchoolCagayan State University - Carig Library2025-09-11BooksArts & Recreation011220 General Collection Cagayan State University - Carig Library793.3 P9847 2023
SchoolCagayan State University - Carig Library2025-09-11BooksArts & Recreation011221 General Collection Cagayan State University - Carig Library793.3 P9847 2023

Cagayan State University University Library, Carig Campus
Tuguegarao City, Cagayan 3500 | www.csucarig.edu.ph

Powered by Koha